<?xml version="1.0" encoding="UTF-8"?>
<collection xmlns="http://www.loc.gov/MARC21/slim">
  <record>
    <leader>00000nam  2200000   4500</leader>
    <controlfield tag="001">INLIS000000000013026</controlfield>
    <controlfield tag="005">20220623113138</controlfield>
    <datafield tag="035" ind1="#" ind2="#">
      <subfield code="a">0010-0622000334</subfield>
    </datafield>
    <datafield tag="245" ind1="1" ind2="#">
      <subfield code="a">PEMUTAKHIRAN DATA REALISASI ANGGARAN MENGGUNAKAN MICROSOFT EXCEL DAN GOOGLE SPREADSHEET DI BAWASLU PROVINSI KALIMANTAN TIMUR /</subfield>
      <subfield code="c">Regita Destalia, S.Tr.Ak.</subfield>
    </datafield>
    <datafield tag="100" ind1="1" ind2="#">
      <subfield code="a">DESTALIA, Regita</subfield>
    </datafield>
    <datafield tag="250" ind1="#" ind2="#">
      <subfield code="a">1</subfield>
    </datafield>
    <datafield tag="300" ind1="#" ind2="#">
      <subfield code="a">vi, 64 halaman ; lampiran :</subfield>
      <subfield code="b">ilustrasi ;</subfield>
      <subfield code="c">30 cm</subfield>
    </datafield>
    <datafield tag="260" ind1="#" ind2="#">
      <subfield code="a">Samarinda :</subfield>
      <subfield code="b">Puslatbang KDOD,</subfield>
      <subfield code="c">2021</subfield>
    </datafield>
    <datafield tag="084" ind1="#" ind2="#">
      <subfield code="a">LATSAR 791 2021</subfield>
    </datafield>
    <datafield tag="650" ind1="#" ind2="4">
      <subfield code="a">Pelatihan Dasar</subfield>
    </datafield>
    <datafield tag="650" ind1="#" ind2="4">
      <subfield code="a">prajabatan</subfield>
    </datafield>
    <datafield tag="650" ind1="#" ind2="4">
      <subfield code="a">Laporan Aktualisasi</subfield>
    </datafield>
    <datafield tag="650" ind1="#" ind2="4">
      <subfield code="a">teknologi informasi</subfield>
    </datafield>
    <datafield tag="650" ind1="#" ind2="4">
      <subfield code="a">manajemen database</subfield>
    </datafield>
    <datafield tag="650" ind1="#" ind2="4">
      <subfield code="a">data keuangan</subfield>
    </datafield>
    <datafield tag="650" ind1="#" ind2="4">
      <subfield code="a">realisasi anggaran</subfield>
    </datafield>
    <datafield tag="650" ind1="#" ind2="4">
      <subfield code="a">badan pengawasan pemilihan umum</subfield>
    </datafield>
    <datafield tag="520" ind1="#" ind2="#">
      <subfield code="a">Laporan Aktualisasi Pelatihan Dasar ini didasarkan pada isu belum optimalnya penggunaan data realisasi anggaran dalam mendukung kinerja perencanaan dan monoitoring evaluasi, sehingga dibuat 5 kegiatan berdasarkan nilai ANEKA (Akuntabilitas, Nasionalisme, Etika public, Komitmen Mutu dan Anti korupsi), yaitu : membuat draft alat kerja realisasi anggaran Badan pengawas Pemilihan Umum Kalimantan Timur, mengumpulkan data realisasi anggaran, sosialisasi penggunaan Google Spreadsheet dalam rangka pemutakhiran data realisasi anggaran, mengaplikasikan alat kerja realisasi anggaran dan melakukan monitoring dan evaluasi terhadap alat kerja realisasi anggaran. Kegiatan ini dilaksanakan dari tanggal 1 Oktober 2021-19 November 2021</subfield>
    </datafield>
    <datafield tag="500" ind1="#" ind2="#">
      <subfield code="a">Coach : Veronika Hanna Naibaho,SS.,MAP.,M.Sc.&#13;
Penguji : Windra Mariani, SH.,MH&#13;
Mentor : Drs. Agus Suci Anjalmo, M.Si</subfield>
    </datafield>
    <datafield tag="990" ind1="#" ind2="#">
      <subfield code="a">LATSAR/791/2021</subfield>
    </datafield>
  </record>
</collection>
